| 000 | 01137nam a2200253Ia 4500 | ||
|---|---|---|---|
| 003 | Ost | ||
| 005 | 20260507074848.0 | ||
| 008 | 260507s9999||||xx |||||||||||||| ||und|| | ||
| 040 | _cfsecg | ||
| 041 | _aara | ||
| 082 | _a657.7 | ||
| 100 |
_aآل آدم، يوحنا _eمؤلف |
||
| 245 | 0 |
_aالمحاسبة الإدارية والسياسات الإدارية المعاصرة / _c يوحنا آل آدم |
|
| 250 | _aطبعة 2 | ||
| 260 |
_aعمان: _bدار الحامد للنشر والتوزيع, _c2006 |
||
| 300 |
_a562 صفحة؛ _bإيضاحات ؛ _c25 سم |
||
| 504 | _aبيبليوغرافيا: ص.555؛ ملاحق: ص.559 | ||
| 520 | _aيضم المحاسبة الإدارية ونظم المعلومات، صنع القرارات الادارية، المحاسبة الادارية وبرامج التخطيط، المحاسبة الادارية وتقييم الأداء. | ||
| 653 | _aالتخطيط | ||
| 653 | _aالمحاسبة الإدارية | ||
| 653 | _aنظم المعلومات- المؤسسة الممتدة | ||
| 700 |
_aالرزق، صالح _eمؤلف ثانوي |
||
| 942 | _cكتاب | ||
| 999 |
_c41547 _d41547 |
||